Изучение процесса прогрессирующей парогазовой активации порошкообразного угля из гидролизного лигнина; Комплексная переработка сырья с организацией безотходных производств

Detalles Bibliográficos
Parent link:Комплексная переработка сырья с организацией безотходных производств.— 1978.— С. 119-123
Autor Principal: Рык В. А.
Outros autores: Ахмина Е. И., Гусева В. И.
Idioma:ruso
Publicado: 1978
Series:Переработка лигнина
Formato: Capítulo de libro
KOHA link:https://koha.lib.tpu.ru/cgi-bin/koha/opac-detail.pl?biblionumber=196872

MARC

LEADER 00000naa2a2200000 4500
001 196872
005 20231031183258.0
035 |a (RuTPU)RU\TPU\book\214751 
035 |a RU\TPU\book\214750 
090 |a 196872 
100 |a 20110531d k y0rusy50 ca 
101 0 |a rus 
102 |a RU 
200 1 |a Изучение процесса прогрессирующей парогазовой активации порошкообразного угля из гидролизного лигнина  |f В. А. Рык, Е. И. Ахмина, В. И. Гусева 
225 1 |a Переработка лигнина 
463 0 |0 (RuTPU)RU\TPU\book\214519  |t Комплексная переработка сырья с организацией безотходных производств  |o [сборник статей]  |f Всесоюзный научно-исследовательский институт гидролиза растительных материалов (ВНИИГидролиз) ; отв. ред. Н. В. Лебедев  |v С. 119-123  |d 1978  |p 131 с.  |s Сборник трудов Всесоюзного научно-исследовательского института гидролиза растительных материалов (ВНИИГидролиз) ; Вып. 28 
700 1 |a Рык  |b В. А. 
701 1 |a Ахмина  |b Е. И. 
701 1 |a Гусева  |b В. И. 
801 1 |a RU  |b 63413507  |c 20110526 
801 2 |a RU  |b 63413507  |c 20111012  |g RCR 
942 |c BK